Adaptacija složnych sistem : Metody i priložemija

Gespeichert in:
Bibliographische Detailangaben
1. Verfasser: Rastrigin, Leonard Andrejevič (Verfasst von)
Format: Buch
Sprache:Russisch
Veröffentlicht: Riga : Zinatne, 1981
Tags: Tag hinzufügen
Keine Tags, Fügen Sie das erste Tag hinzu!

MARC

LEADER 00000nam a22000003a 4500
001 stu89166
005 20150617225628.3
008 040722s1981------------------------rus-d
040 |a STU  |b slo 
041 0 |a rus 
080 |a 681.5 
100 1 |a Rastrigin, Leonard Andrejevič  |4 aut 
245 1 |a Adaptacija složnych sistem :  |b Metody i priložemija 
260 |a Riga :  |b Zinatne,  |c 1981 
300 |a 375 s 
996 |b E51225  |c E*51225  |l EE16  |s P  |a 0  |w stu89166_0002